| 000 | 00725nam a22002177a 4500 | ||
|---|---|---|---|
| 999 |
_c20800 _d20800 |
||
| 003 | AR-CdUCM | ||
| 008 | 190605b ||||| |||| 00| 0 spa d | ||
| 040 |
_aMUNICIPALIDAD PROVINCIAL DEL CUSCO _cBIBLIOTECA MUNICIPAL DEL CUSCO |
||
| 082 |
_a330 / _bAL49 |
||
| 100 |
_aAlvarez R, Nestor _943440 |
||
| 245 | _aCurso básico económica / | ||
| 260 |
_aColombia : _bMcGraw-Hill, _c1988. |
||
| 300 |
_a80 páginas ; _c34 cm. |
||
| 505 | _aContenido : Conceptos basicos de economia -- Escuelas economicas -- Organización de la producción... | ||
| 650 |
_aEconomía _9382 |
||
| 650 |
_aAgentes _943441 |
||
| 650 |
_aDesarrollo economico _91696 |
||
| 700 |
_aGaravito R, Antonio _943442 |
||
| 942 |
_2ddc _cLIBROS |
||
| 945 | _arcc | ||